000
00338nam a2200145Ia 4500
005
20251222175935.0
008
251222s9999||||xx |||||||||||||| ||spa||
020
_a
9788492833542
082
_a
791.437.2/S73
100
_a
Sparks, Nicholas
245
0
_a
Noches de Tormenta
250
_a
1ra.ed.
264
_b
RocaBolsillo
942
_c
LIB
999
_c
41171
_d
41171